000 00680nam a2200229 a 4500
005 20210223122540.0
008 991125s1996 mx 000 0 spa u
020 _a9684442386
035 _aUPN01000037734
049 _aCG
050 4 _aQC93 G45
100 1 _a
_dGete-Alonso,
245 1 0 _aMedida y realidad /
_cJuan Carlos Gete-Alonso, Virginio del Barrio
260 _aMéxico :
_bAlhambra Mexicana,
_c1996
300 _a175 p. :
_bil
440 0 _aBiblioteca de recursos didácticos Alhambra;
_v33
650 4 _aPESAS Y MEDIDAS
_910587
700 2 _aBarrio, Virginio del,
_ecoaut.
902 _aDMCV DORA MARIA CORTES VILLEGAS
904 _aAC
_b037735
905 _aLibro
999 _c37734
_d37734